Activitats al Parc Natural del Montseny : un tomb pel massís del Montseny : ESO i Batxillerat un tomb pel massís del Montseny :
Descripción Física:
34 p. : il. ; 30 cm
MARC
| LEADER | 00000nam a2200000Ia 4500 | ||
|---|---|---|---|
| 001 | 21051 | ||
| 003 | BGR | ||
| 005 | 20260324180110.0 | ||
| 008 | 160829s2003 xx 000 0 cat d | ||
| 080 | |a FU-25-33 | ||
| 245 | |a Activitats al Parc Natural del Montseny : |b un tomb pel massís del Montseny : |b ESO i Batxillerat | ||
| 260 | |a Barcelona : |b Signatus. Serveis Mediambientals, |c 2003 | ||
| 300 | |a 34 p. : |b il. ; |c 30 cm | ||
| 590 | |a A la contraportada: Quadern de l'alumne. Programa: Activitats al Parc Natural del Montseny. Escola de Natura Can Lleonart | ||
| 650 | |a Parc Natural del Montseny |x Problemes, exercicis, etc. |9 44600 | ||
| 710 | 2 | |a Escola de Natura Can Lleonart |9 70783 | |
| 901 | |a Arxiu | ||
| 942 | |n 1 |2 udc |c MON | ||
| 952 | |0 0 |1 0 |4 0 |6 FU2533 |7 1 |9 53131 |a Arxiu |b Arxiu |d 2016-12-01 |l 0 |o FU-25-33 |p 21051 |r 2016-12-01 00:00:00 |w 2016-12-01 |y ARXIU | ||
| 999 | |c 56980 |d 56980 | ||